Đồ họa ứng dụng

में बचाया:
ग्रंथसूची विवरण
मुख्य लेखकों:  Bùi, Thành Khoa,  Đồ họa ứng dụng
स्वरूप: Sách
भाषा:Undetermined
प्रकाशित:  Đại học Công nghiệp TP. Hồ Chí Minh  2024
विषय:
टैग : टैग जोड़ें
कोई टैग नहीं, इस रिकॉर्ड को टैग करने वाले पहले व्यक्ति बनें!
Thư viện lưu trữ: Trung tâm Thư viện - Trường Đại học Công nghiệp TP. Hồ Chí Minh
LEADER 00528nam a2200157Ia 4500
001 UIH_08213
008 241002s9999 xx 000 0 und d
082 |a  006.6 
100 |a  Bùi, Thành Khoa 
100 |a  Đồ họa ứng dụng 
245 0 |a  Đồ họa ứng dụng 
260 |b  Đại học Công nghiệp TP. Hồ Chí Minh 
260 |c  2024 
650 |a Đồ họa máy tính 
927 |a Sách 
980 |a Trung tâm Thư viện - Trường Đại học Công nghiệp TP. Hồ Chí Minh